[Event "D14"]
[Site "?"]
[Date "2020.08.25"]
[Round "7.3"]
[White "Barwinska, Ewa"]
[Black "Pawicka, Magdalena"]
[Result "0-1"]
[BlackElo "1610"]
[WhiteElo "1567"]
[LiveChessVersion "1.4.4"]

1. e4 {[%clk 0:15:17]} e5 {[%clk 0:15:19]} 2. Nf3 {[%clk 0:15:25]} Nc6
{[%clk 0:15:27]} 3. Bb5 {[%clk 0:15:33]} Nge7 {[%clk 0:15:27]} 4. Nc3
{[%clk 0:15:35]} g6 {[%clk 0:15:13]} 5. d4 {[%clk 0:15:28]} exd4 {[%clk 0:15:03]}
6. Nd5 {[%clk 0:13:55]} Nxd5 {[%clk 0:12:33]} 7. exd5 {[%clk 0:14:04]} Qe7+
{[%clk 0:12:22]} 8. Be2 {[%clk 0:13:40]} Ne5 {[%clk 0:11:33]} 9. Nxd4
{[%clk 0:10:42]} Bg7 {[%clk 0:10:45]} 10. O-O {[%clk 0:09:18]} d6
{[%clk 0:05:31]} 11. Bb5+ {[%clk 0:09:25]} Bd7 {[%clk 0:03:38]} 12. f4
{[%clk 0:07:55]} Ng4 {[%clk 0:03:47]} 13. Bxd7+ {[%clk 0:07:49]} Qxd7
{[%clk 0:03:56]} 14. Re1+ {[%clk 0:07:35]} Kd8 {[%clk 0:03:47]} 15. Ne6+
{[%clk 0:07:02]} fxe6 {[%clk 0:03:56]} 16. Qxg4 {[%clk 0:04:55]} exd5
{[%clk 0:03:37]} 17. Qg5+ Kc8 18. Qxd5 {[%clk 0:04:21]} c6 {[%clk 0:03:11]} 19.
Qg5 {[%clk 0:03:51]} Re8 {[%clk 0:03:15]} 20. Bd2 {[%clk 0:03:15]} Kc7
{[%clk 0:03:19]} 21. c3 {[%clk 0:02:52]} Rxe1+ {[%clk 0:02:44]} 22. Rxe1
{[%clk 0:02:57]} Re8 {[%clk 0:02:52]} 23. Qa5+ {[%clk 0:02:26]} Kb8
{[%clk 0:02:59]} 24. Be3 {[%clk 0:02:24]} c5 {[%clk 0:02:30]} 25. c4
{[%clk 0:00:46]} Bxb2 {[%clk 0:01:33]} 26. Qd2 {[%clk 0:00:29]} Rxe3
{[%clk 0:01:07]} 27. Rxe3 {[%clk 0:00:38]} Bd4 {[%clk 0:01:17]} 28. Kf1
{[%clk 0:00:44]} Bxe3 {[%clk 0:00:54]} 29. Qxe3 {[%clk 0:00:53]} a6
{[%clk 0:00:32]} 30. Qd3 {[%clk 0:00:35]} Ka7 {[%clk 0:00:31]} 31. Kf2
{[%clk 0:00:21]} Qa4 {[%clk 0:00:30]} 32. Qe2 {[%clk 0:00:25]} Qb4
{[%clk 0:00:26]} 33. g3 {[%clk 0:00:29]} Qc3 {[%clk 0:00:35]} 34. Kg2
{[%clk 0:00:28]} Qd4 {[%clk 0:00:38]} 35. h3 {[%clk 0:00:26]} d5 {[%clk 0:00:14]}
36. cxd5 {[%clk 0:00:34]} Qxd5+ {[%clk 0:00:24]} 37. Kh2 {[%clk 0:00:43]} Qd4
{[%clk 0:00:20]} 38. h4 {[%clk 0:00:21]} c4 {[%clk 0:00:29]} 39. Kh3
{[%clk 0:00:37]} c3 {[%clk 0:00:35]} 40. Kg4 {[%clk 0:00:20]} Qc5
{[%clk 0:00:42]} 41. Qc2 {[%clk 0:00:20]} Qf5+ {[%clk 0:00:51]} 42. Qxf5
{[%clk 0:00:29]} gxf5+ {[%clk 0:01:00]} 43. Kxf5 {[%clk 0:00:37]} c2
{[%clk 0:01:10]} 44. Kg5 {[%clk 0:00:42]} c1=Q {[%clk 0:01:18]} 45. g4
{[%clk 0:00:51]} b5 {[%clk 0:01:18]} 46. Kf5 {[%clk 0:00:58]} a5 {[%clk 0:01:26]}
47. g5 {[%clk 0:01:07]} b4 {[%clk 0:01:28]} 48. h5 {[%clk 0:01:16]} a4
{[%clk 0:01:32]} 49. g6 {[%clk 0:01:25]} hxg6+ {[%clk 0:01:35]} 50. hxg6
{[%clk 0:01:33]} Qc3 {[%clk 0:01:36]} 51. Kg5 {[%clk 0:01:37]} b3
{[%clk 0:01:43]} 52. axb3 {[%clk 0:01:46]} axb3 {[%clk 0:01:53]} 53. f5
{[%clk 0:01:54]} b2 {[%clk 0:01:52]} 54. f6 {[%clk 0:02:03]} b1=Q
{[%clk 0:01:58]} 55. g7 {[%clk 0:02:12]} Qb5+ {[%clk 0:02:01]} 56. Kg6
{[%clk 0:02:21]} Qcd3+ {[%clk 0:02:07]} 57. Kf7 {[%clk 0:02:28]} Qbd7+
{[%clk 0:02:05]} 58. Kg8 {[%clk 0:02:35]} Qg6 {[%clk 0:02:09]} 59. Kh8
{[%clk 0:02:42]} Qxf6 {[%clk 0:02:17]} 60. Kg8 {[%clk 0:02:50]} Qdxg7#
{[%clk 0:02:27]} 0-1

[Event "D14"]
[Site "?"]
[Date "2020.08.25"]
[Round "7.4"]
[White "Siekanska, Maria"]
[Black "Janikowska, Wiktoria"]
[Result "1-0"]
[BlackElo "1396"]
[WhiteElo "1609"]
[LiveChessVersion "1.4.4"]

1. d4 {[%clk 0:15:18]} Nf6 {[%clk 0:15:18]} 2. c4 {[%clk 0:15:26]} g6
{[%clk 0:15:26]} 3. Nc3 {[%clk 0:15:35]} Bg7 {[%clk 0:15:34]} 4. e4
{[%clk 0:15:43]} d6 {[%clk 0:15:42]} 5. Nf3 {[%clk 0:15:51]} O-O {[%clk 0:15:49]}
6. Be2 {[%clk 0:16:00]} a5 {[%clk 0:15:35]} 7. O-O {[%clk 0:15:57]} Na6
{[%clk 0:15:33]} 8. Re1 {[%clk 0:15:21]} Bd7 {[%clk 0:14:36]} 9. h3
{[%clk 0:14:13]} Re8 {[%clk 0:14:15]} 10. Bf1 {[%clk 0:13:56]} c5
{[%clk 0:09:47]} 11. e5 {[%clk 0:13:27]} Nh5 {[%clk 0:08:48]} 12. exd6
{[%clk 0:11:13]} exd6 {[%clk 0:07:47]} 13. d5 {[%clk 0:11:06]} Rxe1
{[%clk 0:07:19]} 14. Qxe1 {[%clk 0:10:52]} Nb4 {[%clk 0:05:35]} 15. Qd1
{[%clk 0:09:26]} Nf6 {[%clk 0:04:55]} 16. a3 {[%clk 0:09:02]} Na6
{[%clk 0:05:02]} 17. Bf4 {[%clk 0:08:41]} Qe7 {[%clk 0:03:05]} 18. Qd2
{[%clk 0:07:59]} Nh5 {[%clk 0:02:54]} 19. Re1 {[%clk 0:07:29]} Qf8
{[%clk 0:02:25]} 20. Ne4 {[%clk 0:05:07]} Nxf4 {[%clk 0:02:26]} 21. Qxf4
{[%clk 0:05:15]} Bxb2 {[%clk 0:01:40]} 22. Rb1 {[%clk 0:04:31]} Be5
{[%clk 0:01:13]} 23. Nxe5 {[%clk 0:04:30]} dxe5 {[%clk 0:01:14]} 24. Qxe5
{[%clk 0:04:28]} Re8 {[%clk 0:00:52]} 25. Nf6+ {[%clk 0:04:33]} Kg7
{[%clk 0:01:00]} 26. Nxe8+ {[%clk 0:04:42]} Kg8 {[%clk 0:01:01]} 27. Nf6+
{[%clk 0:04:50]} Kg7 {[%clk 0:01:05]} 28. Nxd7+ {[%clk 0:04:58]} Kg8
{[%clk 0:01:10]} 29. Nxf8 {[%clk 0:05:05]} Kxf8 {[%clk 0:01:18]} 30. Rxb7
{[%clk 0:05:08]} f5 {[%clk 0:01:24]} 31. Qh8# {[%clk 0:05:16]} 1-0

[Event "D14"]
[Site "?"]
[Date "2020.08.25"]
[Round "7.5"]
[White "Tokarz, Izabela"]
[Black "Bukala, Weronika"]
[Result "1-0"]
[BlackElo "1416"]
[WhiteElo "1533"]
[LiveChessVersion "1.4.4"]

1. d4 Nf6 2. c4 c5 3. d5 b5 4. cxb5 a6 5. bxa6 Bxa6 6. g3 g6 7. Bg2 d6 8. Bd2 Bg7
9. Bc3 O-O 10. Nh3 Nbd7 11. O-O Nb6 12. Re1 Bc4 13. e4 Rxa2 14. Rxa2 Bxa2 15. Na3
Qd7 16. Nf4 Na4 17. Qc2 Rb8 18. Bh3 Qa7 19. Ra1 Bb3 20. Qd3 Nxc3 21. bxc3 Nxe4
22. Qxe4 Bxc3 23. Rf1 Qxa3 24. Qxe7 Be5 25. Nd3 Bxd5 26. Nxe5 dxe5 27. Qxe5 Rd8
28. Bg2 Bxg2 29. Kxg2 Qa8+ 30. Kg1 Qc6 31. Rc1 Rd5 32. Qb8+ Kg7 33. Qb2+ Qf6 34.
Qb5 Qg5 35. Qb2+ Qe5 36. Qc2 Qd4 37. h4 Rh5 38. Rd1 Qf6 39. Qe4 Re5 40. Qd3 Qe6
41. Kg2 Qc6+ 42. Kg1 Qe6 43. Kg2 Kg8 44. Qd8+ Qe8 45. Qxe8+ Rxe8 46. Rc1 Rc8 47.
Kf3 Kf8 48. Ke4 Ke7 49. Kd5 Rd8+ 50. Kc6 Rc8+ 51. Kd5 Rd8+ 52. Kc6 Rd2 53. Kxc5
Rxf2 54. Kd4 Rf3 55. Rg1 Kf6 56. Ke4 Ra3 57. Kf4 Ra4+ 58. Kf3 Kf5 59. g4+ Kf6 60.
Rb1 Ra3+ 61. Kf4 Ra4+ 62. Kf3 h6 63. Rb6+ Kg7 64. Rb3 g5 65. hxg5 hxg5 66. Kg3
Kg6 67. Rb6+ f6 68. Rb3 Ra6 69. Rf3 Re6 70. Rd3 f5 71. gxf5+ Kxf5 72. Rf3+ Kg6
73. Kg2 g4 74. Rc3 Kg5 75. Kg1 Re4 76. Rd3 Kf4 77. Kg2 Re2+ 78. Kg1 Kg5 79. Rc3
Kh4 80. Rd3 g3 81. Rd8 Re5 82. Kg2 1-0

[Event "D14"]
[Site "?"]
[Date "2020.08.25"]
[Round "7.6"]
[White "Mroz, Lena"]
[Black "Arciszewska, Zuzanna"]
[Result "1-0"]
[BlackElo "1515"]
[WhiteElo "1459"]
[LiveChessVersion "1.4.4"]

1. e4 {[%clk 0:15:18]} e5 {[%clk 0:15:20]} 2. Nf3 {[%clk 0:15:26]} Nc6
{[%clk 0:15:29]} 3. Bb5 {[%clk 0:15:35]} a6 {[%clk 0:15:38]} 4. Ba4
{[%clk 0:15:44]} Nf6 {[%clk 0:15:46]} 5. O-O {[%clk 0:15:52]} Be7
{[%clk 0:15:55]} 6. Re1 {[%clk 0:15:58]} b5 {[%clk 0:16:04]} 7. Bb3
{[%clk 0:16:07]} d6 {[%clk 0:16:13]} 8. c3 {[%clk 0:16:15]} O-O {[%clk 0:16:21]}
9. h3 {[%clk 0:16:23]} Na5 {[%clk 0:16:30]} 10. Bc2 {[%clk 0:16:27]} c5
{[%clk 0:16:39]} 11. d4 {[%clk 0:16:36]} Qc7 {[%clk 0:16:48]} 12. d5
{[%clk 0:16:45]} c4 {[%clk 0:16:44]} 13. b4 {[%clk 0:16:50]} Nb7 {[%clk 0:16:38]}
14. Be3 {[%clk 0:16:46]} Bd7 {[%clk 0:16:25]} 15. Nbd2 {[%clk 0:16:46]} a5
{[%clk 0:16:33]} 16. a3 {[%clk 0:13:49]} Ra6 {[%clk 0:16:06]} 17. Qb1
{[%clk 0:11:28]} Rfa8 {[%clk 0:15:25]} 18. Qb2 {[%clk 0:11:01]} Bf8
{[%clk 0:14:14]} 19. Nf1 {[%clk 0:10:26]} g6 {[%clk 0:14:16]} 20. Ng3
{[%clk 0:09:58]} Bg7 {[%clk 0:14:21]} 21. Reb1 {[%clk 0:09:04]} axb4
{[%clk 0:08:14]} 22. axb4 {[%clk 0:09:00]} Qc8 {[%clk 0:07:55]} 23. Kh2
{[%clk 0:08:24]} Ne8 {[%clk 0:07:32]} 24. Ne1 {[%clk 0:04:07]} f5
{[%clk 0:06:25]} 25. f4 {[%clk 0:02:35]} Bh6 {[%clk 0:06:31]} 26. Ne2
{[%clk 0:02:26]} fxe4 {[%clk 0:06:11]} 27. Bxe4 {[%clk 0:02:32]} Bf5
{[%clk 0:06:18]} 28. Bxf5 {[%clk 0:01:58]} Qxf5 {[%clk 0:06:27]} 29. g3
{[%clk 0:01:23]} Qe4 {[%clk 0:06:31]} 30. Rxa6 {[%clk 0:01:16]} Rxa6
{[%clk 0:06:39]} 31. Bf2 {[%clk 0:00:56]} exf4 {[%clk 0:06:43]} 32. gxf4
{[%clk 0:00:58]} Bxf4+ {[%clk 0:06:51]} 33. Nxf4 {[%clk 0:01:07]} Qxf4+
{[%clk 0:07:00]} 34. Kg1 {[%clk 0:01:14]} Qg5+ {[%clk 0:07:08]} 35. Ng2
{[%clk 0:01:11]} Qxd5 {[%clk 0:07:13]} 36. Re1 {[%clk 0:01:19]} Ng7
{[%clk 0:06:28]} 37. Qe2 {[%clk 0:01:14]} Qf7 {[%clk 0:06:17]} 38. Qe4
{[%clk 0:01:01]} Ra2 {[%clk 0:06:19]} 39. Qd4 {[%clk 0:00:25]} Ra6
{[%clk 0:05:07]} 40. Qe3 {[%clk 0:00:25]} Nd8 {[%clk 0:04:57]} 41. Nf4
{[%clk 0:00:23]} Nc6 {[%clk 0:04:39]} 42. Qe4 {[%clk 0:00:22]} Ne5
{[%clk 0:04:44]} 43. Rd1 {[%clk 0:00:22]} Nf5 {[%clk 0:04:01]} 44. Nd5
{[%clk 0:00:25]} Ra2 {[%clk 0:03:53]} 45. Nf4 {[%clk 0:00:22]} Qe7
{[%clk 0:03:31]} 46. Qd5+ {[%clk 0:00:30]} Kg7 {[%clk 0:03:36]} 47. Ne6+
{[%clk 0:00:38]} Kf6 {[%clk 0:02:36]} 48. Nf4 {[%clk 0:00:41]} g5
{[%clk 0:02:02]} 49. Ng2 {[%clk 0:00:20]} Nd3 {[%clk 0:01:42]} 50. Bd4+
{[%clk 0:00:20]} Nxd4 {[%clk 0:01:49]} 51. Qxd4+ {[%clk 0:00:29]} Qe5
{[%clk 0:01:55]} 52. Rf1+ {[%clk 0:00:38]} Ke6 {[%clk 0:01:53]} 53. Qg4+
{[%clk 0:00:47]} Ke7 {[%clk 0:01:56]} 54. h4 {[%clk 0:00:32]} h6 {[%clk 0:00:52]}
55. hxg5 {[%clk 0:00:36]} Qxg5 {[%clk 0:00:59]} 56. Qe4+ {[%clk 0:00:45]} Ne5
{[%clk 0:01:00]} 57. Qb7+ {[%clk 0:00:51]} Ke6 {[%clk 0:01:05]} 58. Qc8+
{[%clk 0:00:58]} Ke7 {[%clk 0:00:30]} 59. Qc7+ {[%clk 0:00:59]} Ke6
{[%clk 0:00:36]} 60. Qc8+ {[%clk 0:01:07]} Ke7 {[%clk 0:00:41]} 61. Qc7+
{[%clk 0:01:10]} Ke6 {[%clk 0:00:35]} 62. Qc8+ {[%clk 0:01:18]} Ke7
{[%clk 0:00:37]} 63. Qc7+ {[%clk 0:01:27]} Ke8 {[%clk 0:00:38]} 64. Qc8+
{[%clk 0:01:31]} Ke7 {[%clk 0:00:38]} 65. Qc7+ {[%clk 0:01:40]} Nd7
{[%clk 0:00:37]} 66. Re1+ {[%clk 0:01:48]} Kf6 {[%clk 0:00:46]} 67. Qxd6+
{[%clk 0:01:55]} Kf5 {[%clk 0:00:52]} 68. Qxd7+ Kg6 69. Re6+ {[%clk 0:01:25]} Kh5
{[%clk 0:01:11]} 70. Qd1+ {[%clk 0:01:32]} Qg4 {[%clk 0:01:18]} 71. Re5+
{[%clk 0:01:41]} Kg6 {[%clk 0:01:24]} 72. Qxg4+ {[%clk 0:01:50]} 1-0

[Event "D14"]
[Site "?"]
[Date "2020.08.25"]
[Round "7.7"]
[White "Giemza, Julia"]
[Black "Szopa, Emilia"]
[Result "0-1"]
[BlackElo "1214"]
[WhiteElo "1472"]
[LiveChessVersion "1.4.4"]

1. e4 {[%clk 0:15:19]} c5 {[%clk 0:15:19]} 2. Nf3 {[%clk 0:15:28]} Nc6
{[%clk 0:15:27]} 3. d4 {[%clk 0:15:36]} cxd4 {[%clk 0:15:35]} 4. Nxd4
{[%clk 0:15:45]} Nf6 {[%clk 0:15:44]} 5. Nc3 {[%clk 0:15:46]} e5 {[%clk 0:15:53]}
6. Ndb5 {[%clk 0:15:53]} d6 {[%clk 0:16:01]} 7. Bg5 {[%clk 0:15:59]} a6
{[%clk 0:16:10]} 8. Na3 {[%clk 0:16:05]} b5 {[%clk 0:16:19]} 9. Nd5
{[%clk 0:15:48]} Be7 {[%clk 0:16:27]} 10. Bxf6 {[%clk 0:15:36]} Bxf6
{[%clk 0:16:35]} 11. Nxf6+ {[%clk 0:14:44]} Qxf6 {[%clk 0:16:38]} 12. c3
{[%clk 0:14:36]} O-O {[%clk 0:16:24]} 13. Bd3 {[%clk 0:12:55]} Qg6
{[%clk 0:15:55]} 14. Qf3 {[%clk 0:12:10]} Ne7 {[%clk 0:14:38]} 15. Qg3
{[%clk 0:10:11]} Qxg3 {[%clk 0:14:01]} 16. hxg3 {[%clk 0:10:19]} f5
{[%clk 0:14:09]} 17. exf5 {[%clk 0:09:21]} Bxf5 {[%clk 0:13:57]} 18. Bxf5
{[%clk 0:09:16]} Rxf5 {[%clk 0:13:26]} 19. Rd1 {[%clk 0:08:48]} d5
{[%clk 0:13:15]} 20. Nc2 {[%clk 0:07:32]} Raf8 {[%clk 0:11:41]} 21. O-O
{[%clk 0:07:08]} Rh5 {[%clk 0:10:57]} 22. g4 {[%clk 0:05:59]} Rh6
{[%clk 0:09:54]} 23. Rfe1 {[%clk 0:05:00]} e4 {[%clk 0:09:15]} 24. Ne3
{[%clk 0:04:29]} Rhf6 {[%clk 0:08:13]} 25. Rf1 {[%clk 0:04:19]} Rd8
{[%clk 0:08:01]} 26. Rfe1 {[%clk 0:04:05]} Rfd6 {[%clk 0:08:06]} 27. Nc2
{[%clk 0:04:09]} Nc6 {[%clk 0:08:01]} 28. Nd4 {[%clk 0:04:13]} Ne5
{[%clk 0:07:58]} 29. Nf5 {[%clk 0:04:12]} R6d7 {[%clk 0:07:59]} 30. Ne3
{[%clk 0:04:04]} Kf7 {[%clk 0:05:50]} 31. Rd2 {[%clk 0:03:29]} Nd3
{[%clk 0:03:58]} 32. Red1 {[%clk 0:03:09]} d4 {[%clk 0:04:03]} 33. cxd4
{[%clk 0:03:06]} Rxd4 {[%clk 0:04:10]} 34. f3 {[%clk 0:02:45]} exf3
{[%clk 0:03:52]} 35. gxf3 {[%clk 0:02:47]} Ne5 {[%clk 0:03:44]} 36. Rxd4
{[%clk 0:02:26]} Nxf3+ {[%clk 0:03:45]} 37. Kf2 {[%clk 0:02:25]} Nxd4
{[%clk 0:03:51]} 38. Nf5 {[%clk 0:02:14]} Ne6 {[%clk 0:03:39]} 39. Rxd8
{[%clk 0:02:12]} Nxd8 {[%clk 0:03:47]} 40. Nd6+ {[%clk 0:02:20]} Ke6
{[%clk 0:03:56]} 41. Nf5 {[%clk 0:02:17]} g6 {[%clk 0:04:01]} 42. Nd4+
{[%clk 0:02:23]} Kd5 {[%clk 0:04:08]} 43. Ke3 {[%clk 0:02:16]} Ne6
{[%clk 0:03:57]} 44. Nxe6 {[%clk 0:01:53]} Kxe6 {[%clk 0:04:06]} 45. Ke4
{[%clk 0:02:02]} h5 {[%clk 0:04:15]} 46. gxh5 {[%clk 0:02:07]} gxh5
{[%clk 0:04:23]} 47. Kf4 {[%clk 0:02:16]} Kf6 {[%clk 0:04:30]} 48. a3
{[%clk 0:02:08]} a5 {[%clk 0:04:30]} 49. b3 {[%clk 0:02:12]} Kg6 {[%clk 0:04:30]}
50. b4 {[%clk 0:02:03]} a4 {[%clk 0:04:37]} 51. Ke4 {[%clk 0:02:03]} Kg5
{[%clk 0:04:40]} 52. Kd5 {[%clk 0:02:12]} h4 {[%clk 0:04:47]} 53. Kc5
{[%clk 0:02:21]} h3 {[%clk 0:04:56]} 54. Kxb5 {[%clk 0:02:30]} h2
{[%clk 0:05:05]} 55. Kxa4 {[%clk 0:02:38]} h1=Q {[%clk 0:05:10]} 56. b5
{[%clk 0:02:44]} Qd1+ {[%clk 0:05:02]} 57. Ka5 {[%clk 0:02:48]} Qd2+
{[%clk 0:05:09]} 58. Ka4 {[%clk 0:02:36]} Qc2+ {[%clk 0:05:18]} 59. Kb4
{[%clk 0:02:42]} Qb2+ {[%clk 0:05:26]} 60. Ka5 {[%clk 0:02:45]} Qxa3+
{[%clk 0:05:33]} 61. Kb6 {[%clk 0:02:54]} Kf6 {[%clk 0:05:42]} 62. Kc7
{[%clk 0:03:01]} Qc5+ {[%clk 0:05:50]} 63. Kb7 {[%clk 0:03:09]} Qxb5+ 0-1

[Event "D14"]
[Site "?"]
[Date "2020.08.25"]
[Round "8.1"]
[White "Starosta, Martyna"]
[Black "Siekanska, Maria"]
[Result "1-0"]
[BlackElo "1609"]
[WhiteElo "1800"]
[LiveChessVersion "1.4.4"]

1. e4 {[%clk 0:15:18]} c5 {[%clk 0:15:19]} 2. Nf3 {[%clk 0:15:26]} e6
{[%clk 0:15:28]} 3. g3 {[%clk 0:15:25]} d5 {[%clk 0:15:19]} 4. exd5
{[%clk 0:15:23]} exd5 {[%clk 0:15:27]} 5. d4 {[%clk 0:15:23]} Nf6
{[%clk 0:15:24]} 6. Bg2 {[%clk 0:15:31]} Be7 {[%clk 0:15:22]} 7. dxc5
{[%clk 0:15:38]} Bxc5 {[%clk 0:15:21]} 8. O-O {[%clk 0:15:46]} O-O
{[%clk 0:15:29]} 9. h3 {[%clk 0:15:34]} Nc6 {[%clk 0:15:21]} 10. Bg5
{[%clk 0:15:12]} Be6 {[%clk 0:14:43]} 11. Nbd2 {[%clk 0:15:06]} h6
{[%clk 0:14:42]} 12. Bxf6 {[%clk 0:14:12]} Qxf6 {[%clk 0:14:47]} 13. Nb3
{[%clk 0:14:18]} Bb6 {[%clk 0:14:40]} 14. c3 {[%clk 0:14:22]} Rad8
{[%clk 0:14:33]} 15. Nbd4 {[%clk 0:13:44]} h5 {[%clk 0:13:00]} 16. Qd2
{[%clk 0:12:43]} a6 {[%clk 0:11:52]} 17. Rad1 {[%clk 0:12:01]} Bc7
{[%clk 0:11:03]} 18. Rfe1 {[%clk 0:09:14]} Rde8 {[%clk 0:08:52]} 19. Qg5
{[%clk 0:08:16]} Qxg5 {[%clk 0:08:37]} 20. Nxg5 {[%clk 0:08:24]} Nxd4
{[%clk 0:08:45]} 21. Rxd4 {[%clk 0:08:16]} Bd8 {[%clk 0:08:02]} 22. h4
{[%clk 0:06:33]} Bxg5 {[%clk 0:07:02]} 23. hxg5 {[%clk 0:06:41]} g6
{[%clk 0:07:08]} 24. Re5 {[%clk 0:05:22]} Kg7 {[%clk 0:06:34]} 25. Bxd5
{[%clk 0:04:54]} Bxd5 {[%clk 0:06:41]} 26. Rexd5 {[%clk 0:04:18]} Re2
{[%clk 0:04:17]} 27. Rd2 {[%clk 0:03:43]} Rfe8 {[%clk 0:04:10]} 28. Rd7
{[%clk 0:03:15]} b5 {[%clk 0:03:52]} 29. R7d6 {[%clk 0:02:56]} R8e5
{[%clk 0:02:18]} 30. Rxe2 {[%clk 0:02:24]} Rxe2 {[%clk 0:02:27]} 31. Rxa6
{[%clk 0:02:32]} Rxb2 {[%clk 0:02:36]} 32. Rb6 {[%clk 0:02:27]} Rxa2
{[%clk 0:02:18]} 33. Rxb5 {[%clk 0:02:34]} Rc2 {[%clk 0:02:27]} 34. Rc5
{[%clk 0:02:41]} Kh7 {[%clk 0:01:11]} 35. Rc8 {[%clk 0:02:48]} Kg7
{[%clk 0:01:14]} 36. Kg2 {[%clk 0:02:48]} Kh7 {[%clk 0:01:17]} 37. Kf3
{[%clk 0:02:56]} Kg7 {[%clk 0:01:22]} 38. Ke3 {[%clk 0:03:05]} Kh7
{[%clk 0:01:25]} 39. c4 {[%clk 0:01:56]} Rc3+ {[%clk 0:01:16]} 40. Ke4
{[%clk 0:01:47]} Rc2 {[%clk 0:01:15]} 41. f3 {[%clk 0:01:24]} Rg2
{[%clk 0:00:59]} 42. Kf4 {[%clk 0:01:21]} Rc2 {[%clk 0:01:07]} 43. c5
{[%clk 0:01:28]} Rc4+ {[%clk 0:00:56]} 44. Ke5 {[%clk 0:01:34]} Rc3
{[%clk 0:01:05]} 45. Ke4 {[%clk 0:01:17]} Rc1 {[%clk 0:00:29]} 46. c6
{[%clk 0:01:17]} Kg7 {[%clk 0:00:38]} 47. Ke5 {[%clk 0:01:17]} Re1+
{[%clk 0:00:40]} 48. Kd6 {[%clk 0:01:02]} Rd1+ {[%clk 0:00:45]} 49. Ke5
{[%clk 0:00:29]} Re1+ {[%clk 0:00:53]} 50. Kd4 {[%clk 0:00:37]} Rd1+
{[%clk 0:01:00]} 51. Ke3 {[%clk 0:00:43]} Rc1 {[%clk 0:01:07]} 52. Kd4
{[%clk 0:00:48]} Rd1+ {[%clk 0:01:15]} 53. Kc5 {[%clk 0:00:55]} Rc1+
{[%clk 0:01:22]} 54. Kb6 {[%clk 0:01:02]} Rb1+ {[%clk 0:01:29]} 55. Kc7
{[%clk 0:01:04]} Rb3 {[%clk 0:01:32]} 56. Kd8 {[%clk 0:01:01]} Rd3+
{[%clk 0:01:38]} 57. Ke7 {[%clk 0:01:07]} Re3+ {[%clk 0:01:47]} 58. Kd6
{[%clk 0:01:15]} Rxf3 {[%clk 0:01:48]} 59. Re8 {[%clk 0:01:11]} Rd3+
{[%clk 0:01:50]} 60. Ke7 {[%clk 0:01:12]} Rxg3 {[%clk 0:01:51]} 61. c7
{[%clk 0:01:21]} Re3+ {[%clk 0:02:00]} 62. Kd7 {[%clk 0:01:25]} Rd3+
{[%clk 0:02:09]} 63. Kc6 {[%clk 0:01:31]} Rc3+ {[%clk 0:02:18]} 64. Kb6
{[%clk 0:01:39]} Rb3+ {[%clk 0:02:24]} 65. Ka5 {[%clk 0:01:44]} Rc3
{[%clk 0:02:15]} 66. c8=Q {[%clk 0:01:48]} Rxc8 67. Rxc8 {[%clk 0:01:57]} h4
{[%clk 0:02:21]} 68. Kb5 {[%clk 0:01:58]} h3 {[%clk 0:01:56]} 69. Rc3
{[%clk 0:02:07]} f6 {[%clk 0:02:02]} 70. Rc7+ {[%clk 0:02:07]} Kf8
{[%clk 0:02:09]} 71. gxf6 {[%clk 0:02:13]} g5 {[%clk 0:02:18]} 72. Rh7
{[%clk 0:02:12]} g4 {[%clk 0:02:26]} 73. Rh4 {[%clk 0:02:18]} 1-0

[Event "D14"]
[Site "?"]
[Date "2020.08.25"]
[Round "8.2"]
[White "Tokarz, Izabela"]
[Black "Obrochta, Lena"]
[Result "0-1"]
[BlackElo "1504"]
[WhiteElo "1533"]
[LiveChessVersion "1.4.4"]

1. d4 {[%clk 0:15:19]} d5 {[%clk 0:15:19]} 2. c4 {[%clk 0:15:29]} e6
{[%clk 0:15:27]} 3. Nc3 {[%clk 0:15:38]} Be7 {[%clk 0:15:36]} 4. Nf3
{[%clk 0:15:39]} Nf6 {[%clk 0:15:44]} 5. cxd5 {[%clk 0:15:48]} exd5
{[%clk 0:15:53]} 6. Bg5 {[%clk 0:15:56]} O-O {[%clk 0:16:00]} 7. Qc2
{[%clk 0:16:05]} c6 {[%clk 0:16:02]} 8. e3 {[%clk 0:16:10]} Nbd7 {[%clk 0:16:10]}
9. Bd3 {[%clk 0:16:19]} Re8 {[%clk 0:16:16]} 10. O-O {[%clk 0:16:25]} Nf8
{[%clk 0:16:22]} 11. Rab1 {[%clk 0:16:33]} a5 {[%clk 0:16:30]} 12. a3
{[%clk 0:16:37]} Ne4 {[%clk 0:16:37]} 13. Bxe7 {[%clk 0:16:20]} Qxe7
{[%clk 0:16:46]} 14. b4 {[%clk 0:15:17]} axb4 {[%clk 0:16:54]} 15. axb4
{[%clk 0:15:25]} Ng6 {[%clk 0:16:10]} 16. b5 {[%clk 0:15:08]} Nh4
{[%clk 0:12:17]} 17. Nxh4 {[%clk 0:13:54]} Qxh4 {[%clk 0:12:17]} 18. Bxe4
{[%clk 0:13:49]} dxe4 {[%clk 0:12:24]} 19. f3 {[%clk 0:13:28]} exf3
{[%clk 0:08:57]} 20. Rxf3 {[%clk 0:13:29]} Bg4 {[%clk 0:08:55]} 21. Rg3
{[%clk 0:13:08]} Re6 {[%clk 0:08:46]} 22. Qf2 {[%clk 0:12:23]} Rh6 23. h3
{[%clk 0:12:13]} Bd7 {[%clk 0:05:18]} 24. bxc6 {[%clk 0:11:48]} bxc6
{[%clk 0:03:48]} 25. d5 {[%clk 0:06:04]} Qc4 {[%clk 0:02:17]} 26. dxc6
{[%clk 0:03:53]} Rxc6 {[%clk 0:01:55]} 27. Rd1 {[%clk 0:01:45]} Bxh3
{[%clk 0:00:52]} 28. Rxh3 {[%clk 0:01:34]} Qxc3 {[%clk 0:01:00]} 29. Qh4
{[%clk 0:01:32]} h6 {[%clk 0:00:58]} 30. Rd8+ {[%clk 0:00:52]} Rxd8
{[%clk 0:01:06]} 31. Qxd8+ {[%clk 0:01:01]} Kh7 {[%clk 0:01:15]} 32. Qe7
{[%clk 0:00:29]} Qf6 {[%clk 0:00:48]} 33. Qe4+ {[%clk 0:00:29]} Qg6
{[%clk 0:00:56]} 34. Qxg6+ {[%clk 0:00:28]} Kxg6 {[%clk 0:01:03]} 35. Rf3
{[%clk 0:00:33]} Rf6 {[%clk 0:01:12]} 36. Rg3+ {[%clk 0:00:35]} Kh7
{[%clk 0:01:21]} 37. Rg4 {[%clk 0:00:35]} g5 {[%clk 0:01:23]} 38. Re4
{[%clk 0:00:39]} Kg6 {[%clk 0:01:30]} 39. Kh2 {[%clk 0:00:36]} Re6
{[%clk 0:01:05]} 40. Rxe6+ {[%clk 0:00:35]} fxe6 {[%clk 0:01:14]} 41. Kg3
{[%clk 0:00:38]} Kf5 {[%clk 0:01:15]} 42. Kf3 {[%clk 0:00:45]} h5
{[%clk 0:01:02]} 43. e4+ {[%clk 0:00:18]} Ke5 {[%clk 0:00:59]} 44. Ke3
{[%clk 0:00:27]} h4 {[%clk 0:00:38]} 45. Kf3 {[%clk 0:00:36]} Kd4
{[%clk 0:00:32]} 46. Kg4 {[%clk 0:00:43]} Kxe4 {[%clk 0:00:41]} 47. Kxg5
{[%clk 0:00:52]} Kd4 {[%clk 0:00:50]} 48. Kxh4 {[%clk 0:01:01]} e5
{[%clk 0:00:59]} 49. g4 {[%clk 0:01:09]} e4 {[%clk 0:01:09]} 50. Kh5
{[%clk 0:00:34]} e3 {[%clk 0:01:17]} 51. g5 {[%clk 0:00:43]} e2 {[%clk 0:01:26]}
52. Kh6 {[%clk 0:00:49]} e1=Q {[%clk 0:01:33]} 53. g6 {[%clk 0:00:59]} Qh4+
{[%clk 0:01:31]} 54. Kg7 {[%clk 0:01:06]} Ke5 {[%clk 0:01:18]} 55. Kf7
{[%clk 0:01:08]} Qf6+ {[%clk 0:01:26]} 0-1